Atatürk Türkiye = Turquie = Turkey = Türkei 2000 (Record no. 3554)

MARC details
000 -BAŞLIK
Sabit Uzunlukta Kontrol Alanı 00659na a2200229 4500
001 - KONTROL NUMARASI
Denetim Alanı 14822
003 - KONTROL NUMARASI IDENTIFIER
Denetim Alanı MIRAKIL
005 - SON İŞLEM TARİHİ VE ZAMANI
Denetim Alanı 20181213154935.0
008 - SABİT-BOY VERİ ELEMANLARI - GENEL BİLGİLER
Sabit Uzunlukta Kontrol Alanı 160919b tu 000 0
020 ## - ULUSLARARASI STANDART KİTAP NUMARASI
Uluslararası Standart Kitap Numarası 29514444850
035 ## - SİSTEM KONTROL NUMARASI
Sistem Kontrol Numarası 14822
040 ## - KATALOGLAMA KAYNAK
Orijinal Kataloglama Ajansı Milas
Kataloglama Dili tur
Metne Dönüştürmek Ajansı TR-AnCHP
082 ## - DEWEY ONLU SINIFLANDIRMA NUMARASI
Sınıflandırma Numarası ATA 923.156
Ürün Numarası T86a 2000
090 ## - SINIFLAMA NUMARASI
Sınıflama Numarası ATA 923.156 T86a 2000
100 ## - ANA GİRİŞ - KİŞİSEL İSİM
Kişisel Ad Turgut, Erhan
245 ## - BAŞLIK TABLOSU
Başlık Atatürk Türkiye = Turquie = Turkey = Türkei 2000
Sorumluluk Tablosu, Vb Erhan Turgut
260 ## - YAYIN, DAĞITIM, VB
Yayın, Dağıtım, Vb Yeri [y. y.]
Yayıncı, Dağıtıcı, Vs Adı [yayl. y.]
Yayın, Dağıtım, Vb Tarihi 2000
300 ## - FİZİKSEL TANIM
Kapsam 160 s.
Diğer Fiziksel Ayrıntıları fotg.
Boyutlar 31 sm.
600 ## - KONU KATMA GİRİŞ - KURUMSAL ADI
Kişisel Ad Atatürk, Mustafa Kemal
Bir Adıyla İlişkilendirilen Tarihler 1881-1938
Genel Alt Bölümü Albümler
650 ## - KONU KATMA GİRİŞ - TOPİKAL DÖNEM
Topikal Süreli Veya Coğrafi Ad Giriş Elemanı Devlet başkanı
Coğrafi Alt Bölümü Türkiye
942 ## - EKLENDİ GİRİŞ ELEMANLARI (KOHA)
Sınıflandırma Veya Raf Düzeni Kaynak Dewey Decimal Classification
Koha Öğesi Türü Books
999 ## - SİSTEM KONTROL NUMARALARI (KOHA)
Koha Biblionumber 3554
Koha Biblioitemnumber 3554
Holdings
Kalıcı Konum Mevcut Konum Edinme Tarihi Edinim Kaynak Toplam Check-Out'Lar Tam Çağrı Numarası Barkod Tarih Son Görülme İtibaren Geçerli Fiyatlar Koha Öğesi Türü
CHP Kütüphanesi CHP Kütüphanesi 09/01/2016 Bağış   ATA 923.156 T86a 2000 002699 09/01/2016 09/01/2016 Books